La Basura, un problema nacional: alternativas de solución /

Gardado en:
Detalles Bibliográficos
Autor Principal: Navarrete, Nadia Evelyn
Formato: Texto
Materias:
Etiquetas: Engadir etiqueta
Sen Etiquetas, Sexa o primeiro en etiquetar este rexistro!

MARC

LEADER 00000 a a2200000 04500
001 1930
003
040
100 |a Navarrete, Nadia Evelyn  
245 |a La Basura, un problema nacional:   |b alternativas de solución /  |c Nadia Evelyn Navarrete 
650 |a DESPERDICIOS  
650 |a TRATAMIENTO DE DESPERDICIOS  
650 |a RECICLAJE DE DESPERDICIOS  
773 |g número 24 -25; páginas 11-18  
999 |c 37726  |d 37726